000 00605nam a2200181 4500
001 132550
003 ES-MaACL
005 20230906194211.0
007 t|
008 070214s1966 sp r ||||1| spa d
245 0 0 _aDiccionario de ciencias económicas /
_cdirigido por Jean Romeuf ; con la colaboración de Gilles Pasqualaggi ; prólogo de Alfred Saury.
260 _aBarcelona [etc.] :
_bLabor,
_c1966.
300 _aXVIII, 982 p. ;
_c24 cm.
700 1 _aPasqualaggi, Gilles.
_989427
700 1 _aSaury, Alfred.
_9104013
700 1 _aRomeuf, Jean.
_999464
852 _aES-MaACL
_jC-31760
_bR.62078
999 _c132550
_d132550